| 000 | 00000nas 2200000za 4500 |
| 001 | 9.500751 |
| 003 | CaOODSP |
| 005 | 20221107132917 |
| 007 | cr ||||||||||| |
| 008 | 150406d20102013oncar p o||||f0 |0iku|d |
| 040 | |aCaOODSP|beng |
| 041 | 0 |aiku |
| 041 | 0 |aeng |
| 041 | 0 |afre |
| 043 | |an-cn--- |
| 086 | 1 |aR1-62-PDF |
| 110 | 1 |aCanada. |bAboriginal Affairs and Northern Development Canada. |
| 245 | 10|aNunavut Implementation Panel annual report / |h[electronic resource] / |cNunavut Implementation Panel. |
| 260 | |aOttawa : |bAboriginal Affairs and Northern Development Canada, |c[2010]-2013 |
| 310 | |aAnnual |
| 362 | 1 |aBegan with 2008/2010?; ceased with 2011/2012? |
| 546 | |aText in English, French and Inuktitut. |
| 690 | 07|aLand claims|2gcpds |
| 776 | 0#|tComité de mise en oeuvre du Nunavut, rapport annuel / |w(CaOODSP)9.500784 |
| 792 | |tComité de mise en oeuvre du Nunavut, rapport annuel |efre|w(CaOODSP)9.500752 |